Billie Eilish - LUNCH Lyrics - Statistics

General Stats
  • This quiz has been taken 174 times
  • The average score is 256 of 312
Answer Stats
Answer % Correct
I
100%
"I
100%
could
98%
eat
98%
Eat
98%
that
98%
for
97%
girl
97%
lunch
97%
my
97%
on
97%
she
97%
She
97%
a
96%
to
96%
the
95%
be
94%
dances
94%
one
94%
like
93%
might
93%
tongue
93%
you
92%
You
92%
her
91%
so
91%
So
91%
And
90%
it
90%
no
88%
buy
86%
much
86%
get
85%
not
85%
Oh
85%
oh
85%
oh-oh
85%
stuff
85%
when
85%
It's
84%
it's
84%
Yeah
84%
crush
83%
I'm
83%
enough
82%
never
82%
Tastes
82%
craving
81%
in
81%
me
81%
Do
79%
she's
79%
She's
79%
I'll
77%
just
77%
you're
74%
You're
74%
left
73%
want
73%
Said
72%
said
72%
think
72%
under
72%
over
71%
up
71%
hair
70%
made
70%
try
70%
chair
69%
bein'
68%
now
68%
Now
68%
somethin'
68%
stairs
68%
there"
68%
were
68%
'Claire"
67%
pullin'
67%
comin'
66%
Baby
65%
"Call
64%
puttin'
64%
bought
63%
take
63%
clear
62%
deer
62%
rare
62%
Somebody
62%
wanna
62%
all
61%
God
61%
off
61%
shower
61%
If
60%
sweet
60%
counter
59%
down
59%
know
59%
write
59%
but
58%
But
58%
hard
58%
headlights
58%
skin's
58%
Clothes
57%
mirror
57%
recipe
57%
here"
56%
need
56%
say
56%
how
55%
pictures
55%
allowed
54%
takin'
54%
Tell
54%
tryin'
54%
don't
53%
help
53%
"Bring
52%
'em
52%
volunteer
52%
Been
51%
bend
51%
bend?
51%
seat?
51%
again
50%
before
50%
ear
50%
friend
50%
huh
50%
(Huh)
50%
more
50%
run
50%
smillin'
50%
than
50%
interested
49%
break
48%
overeat
48%
I've
47%
hunch
39%
No matching quizzes found
Score Distribution
Percent of People with Each Score
Percentile by Number Answered
Your Score History
You have not taken this quiz